Parc natural de Sant Llorenç del Munt i l'Obac : itinerari de La Font Freda / autors: Vicenç Bros, Jordi Miralles itinerari de La Font Freda / autors:
Descripción Física:
16 p. : il. ; 24 cm
Colección:
Guia de l'alumne
Otros Autores:
Miralles, Jordi
MARC
| LEADER | 00000nam a2200000Ia 4500 | ||
|---|---|---|---|
| 001 | 12802 | ||
| 008 | 160829s9999 xx 000 0 cat d | ||
| 080 | |a FU-14-23 | ||
| 100 | |a Bros, Vicenç |9 35181 | ||
| 245 | |a Parc natural de Sant Llorenç del Munt i l'Obac : |b itinerari de La Font Freda / autors: |b Vicenç Bros, Jordi Miralles | ||
| 260 | |a Barcelona : |b Diputació de Barcelona, Servei de Parcs Naturals, DL 1987 | ||
| 300 | |a 16 p. : |b il. ; |c 24 cm | ||
| 490 | |a Guia de l'alumne | ||
| 610 | 1 | 0 | |a Parc Natural de Sant Llorenç del Munt i l'Obac (Catalunya) |v Guies |9 52718 |
| 700 | |a Miralles, Jordi |9 589 | ||
| 710 | |a Barcelona (Catalunya : Província). |b Servei de Parcs Naturals |9 53492 | ||
| 901 | |a Arxiu | ||
| 942 | |n 1 | ||
| 952 | |0 0 |1 0 |4 0 |6 FU1423 |7 1 |9 46724 |a Arxiu |b Arxiu |d 2016-12-01 |l 0 |o FU-14-23 |p 12802 |r 2016-12-01 00:00:00 |w 2016-12-01 |y ARXIU | ||
| 999 | |c 50517 |d 50517 | ||